000 003820000a22001450004500
001 004317
003 MACL
040 _aMACL
090 _c16310
_d16309
100 _aShastri, J.L.
245 _aAncient IndianTradition & Mythology Volume 1 Part 1
_bThe Siva Purana Part 1
_cJ.L. Shastri
260 _aMotilal Banarsidass Publishers,
_c2002
650 _aReligion
942 _k295
_cBook
999 _c16208
_d16208